[Event "Kadettlandskamp NOR-SWE A 2018"]
[Site "NTG, Bærum, Norway"]
[Date "2018.12.16"]
[Round "10.6"]
[White "Wernberg, Hugo"]
[Black "Vestby-Ellingsen, Mads"]
[Result "1/2-1/2"]
[BlackTitle "FM"]
[WhiteFideId "1737511"]
[BlackFideId "1520857"]
[WhiteElo "1796"]
[BlackElo "2009"]

1. e4 {[%clk 00:15:18]} {[%emt 00:00:02]} c5 {[%clk 00:15:18]} {[%emt
00:00:02]} 2. Nf3 {[%clk 00:15:27]} {[%emt 00:00:02]} e6 {[%clk 00:15:26]}
{[%emt 00:00:01]} 3. d4 {[%clk 00:15:36]} {[%emt 00:00:02]} cxd4 {[%clk
00:15:34]} {[%emt 00:00:01]} 4. Nxd4 {[%clk 00:15:45]} {[%emt 00:00:02]} Nc6
{[%clk 00:15:42]} {[%emt 00:00:01]} 5. c4 {[%clk 00:15:53]} {[%emt 00:00:02]}
Nf6 {[%clk 00:15:50]} {[%emt 00:00:02]} 6. Nc3 {[%clk 00:16:02]} {[%emt
00:00:02]} Bb4 {[%clk 00:15:58]} {[%emt 00:00:02]} 7. Qd3 {[%clk 00:16:08]}
{[%emt 00:00:04]} O-O {[%clk 00:15:27]} {[%emt 00:00:40]} 8. Be2 {[%clk
00:15:10]} {[%emt 00:01:08]} d5 {[%clk 00:15:27]} {[%emt 00:00:10]} 9. exd5
{[%clk 00:15:06]} {[%emt 00:00:14]} exd5 {[%clk 00:15:33]} {[%emt 00:00:04]} 10.
cxd5 {[%clk 00:13:31]} {[%emt 00:01:45]} Nxd5 {[%clk 00:14:59]} {[%emt
00:00:43]} 11. Nxc6 {[%clk 00:13:35]} {[%emt 00:00:07]} bxc6 {[%clk 00:15:02]}
{[%emt 00:00:06]} 12. O-O {[%clk 00:13:41]} {[%emt 00:00:05]} Nxc3 {[%clk
00:14:58]} {[%emt 00:00:14]} 13. bxc3 {[%clk 00:13:30]} {[%emt 00:00:22]} Qxd3
{[%clk 00:15:04]} {[%emt 00:00:03]} 14. Bxd3 {[%clk 00:13:38]} {[%emt
00:00:03]} Bxc3 {[%clk 00:15:10]} {[%emt 00:00:03]} 15. Rb1 {[%clk 00:13:46]}
{[%emt 00:00:02]} Be6 {[%clk 00:15:08]} {[%emt 00:00:12]} 16. Bb2 {[%clk
00:13:53]} {[%emt 00:00:03]} Bxb2 {[%clk 00:14:42]} {[%emt 00:00:35]} 17. Rxb2
{[%clk 00:14:02]} {[%emt 00:00:02]} Bd5 {[%clk 00:14:23]} {[%emt 00:00:29]} 18.
Rc1 {[%clk 00:13:28]} {[%emt 00:00:44]} Rfd8 {[%clk 00:14:07]} {[%emt
00:00:26]} 19. Ba6 {[%clk 00:13:02]} {[%emt 00:00:35]} g6 {[%clk 00:13:16]}
{[%emt 00:01:01]} 20. h3 {[%clk 00:13:07]} {[%emt 00:00:06]} Kg7 {[%clk
00:13:18]} {[%emt 00:00:08]} 21. Bc4 {[%clk 00:13:09]} {[%emt 00:00:08]} Rd7
{[%clk 00:09:25]} {[%emt 00:04:02]} 22. Bxd5 {[%clk 00:12:59]} {[%emt
00:00:21]} cxd5 {[%clk 00:09:32]} {[%emt 00:00:02]} 23. Kf1 {[%clk 00:13:00]}
{[%emt 00:00:10]} d4 {[%clk 00:09:22]} {[%emt 00:00:20]} 24. Ke2 {[%clk
00:12:50]} {[%emt 00:00:20]} d3+ {[%clk 00:07:06]} {[%emt 00:02:26]} 25. Kd2
{[%clk 00:12:57]} {[%emt 00:00:03]} Re8 {[%clk 00:06:55]} {[%emt 00:00:20]} 26.
Re1 {[%clk 00:13:06]} {[%emt 00:00:02]} Rxe1 {[%clk 00:06:56]} {[%emt
00:00:09]} 27. Kxe1 {[%clk 00:13:14]} {[%emt 00:00:02]} Re7+ {[%clk 00:04:04]}
{[%emt 00:03:02]} 28. Kd2 {[%clk 00:11:09]} {[%emt 00:02:15]} Re2+ {[%clk
00:04:12]} {[%emt 00:00:01]} 29. Kc3 {[%clk 00:11:18]} {[%emt 00:00:02]} Kf6
{[%clk 00:04:21]} {[%emt 00:00:01]} 30. Rd2 {[%clk 00:11:26]} {[%emt 00:00:03]}
Ke5 {[%clk 00:04:08]} {[%emt 00:00:22]} 31. Kxd3 {[%clk 00:11:33]} {[%emt
00:00:03]} Rxd2+ {[%clk 00:04:16]} {[%emt 00:00:02]} 32. Kxd2 {[%clk 00:11:41]}
{[%emt 00:00:02]} Kd4 {[%clk 00:04:20]} {[%emt 00:00:06]} 33. Kc2 {[%clk
00:11:28]} {[%emt 00:00:24]} Kc4 {[%clk 00:04:20]} {[%emt 00:00:09]} 34. Kd2
{[%clk 00:11:32]} {[%emt 00:00:06]} Kb4 {[%clk 00:03:26]} {[%emt 00:01:05]} 35.
Kc2 {[%clk 00:11:39]} {[%emt 00:00:02]} h6 {[%clk 00:02:29]} {[%emt 00:01:07]}
36. Kb2 {[%clk 00:11:35]} {[%emt 00:00:14]} f5 {[%clk 00:02:04]} {[%emt
00:00:35]} 37. Kc2 {[%clk 00:10:52]} {[%emt 00:00:53]} Kc4 {[%clk 00:01:53]}
{[%emt 00:00:20]} 38. Kd2 {[%clk 00:10:59]} {[%emt 00:00:03]} Kd4 {[%clk
00:01:48]} {[%emt 00:00:16]} 39. Kc2 {[%clk 00:11:07]} {[%emt 00:00:02]} f4
{[%clk 00:01:22]} {[%emt 00:00:35]} 40. h4 {[%clk 00:08:50]} {[%emt 00:02:27]}
g5 {[%clk 00:00:37]} {[%emt 00:00:55]} 41. hxg5 {[%clk 00:08:56]} {[%emt
00:00:04]} hxg5 {[%clk 00:00:46]} {[%emt 00:00:01]} 42. Kd2 {[%clk 00:08:35]}
{[%emt 00:00:31]} g4 {[%clk 00:00:14]} {[%emt 00:00:43]} 43. Kc2 {[%clk
00:08:26]} {[%emt 00:00:17]} Kc4 {[%clk 00:00:14]} {[%emt 00:00:11]} 44. Kd2
{[%clk 00:08:33]} {[%emt 00:00:02]} Kd4 {[%clk 00:00:22]} {[%emt 00:00:03]} 45.
Kc2 {[%clk 00:08:42]} {[%emt 00:00:01]} a5 {[%clk 00:00:23]} {[%emt 00:00:09]}
46. Kd2 {[%clk 00:08:28]} {[%emt 00:00:24]} Ke4 {[%clk 00:00:12]} {[%emt
00:00:21]} 47. Ke2 {[%clk 00:08:27]} {[%emt 00:00:12]} f3+ {[%clk 00:00:12]}
{[%emt 00:00:10]} 48. gxf3+ {[%clk 00:08:32]} {[%emt 00:00:04]} gxf3+ {[%clk
00:00:21]} 49. Kd2 {[%clk 00:08:40]} {[%emt 00:00:02]} Kd4 {[%clk 00:00:30]}
{[%emt 00:00:01]} 50. Kc2 {[%clk 00:08:47]} {[%emt 00:00:04]} a4 {[%clk
00:00:12]} {[%emt 00:00:27]} 51. Kd2 {[%clk 00:08:52]} {[%emt 00:00:05]} Kc4
{[%clk 00:00:21]} {[%emt 00:00:02]} 52. Kc2 {[%clk 00:08:47]} {[%emt 00:00:14]}
Kd4 {[%clk 00:00:16]} {[%emt 00:00:15]} 53. Kd2 {[%clk 00:08:57]} Kc4 {[%clk
00:00:13]} {[%emt 00:00:13]} 54. Kc2 {[%clk 00:09:06]} Kb4 {[%clk 00:00:15]}
{[%emt 00:00:08]} 55. Kb2 {[%clk 00:09:12]} {[%emt 00:00:04]} Kb5 {[%clk
00:00:12]} {[%emt 00:00:14]} 56. Kc3 {[%clk 00:09:12]} {[%emt 00:00:10]} Kc5
{[%clk 00:00:20]} {[%emt 00:00:01]} 57. Kd3 {[%clk 00:09:16]} {[%emt 00:00:06]}
Kb4 {[%clk 00:00:29]} {[%emt 00:00:02]} 58. Kc2 {[%clk 00:09:25]} Kc4 {[%clk
00:00:11]} {[%emt 00:00:23]} 59. Kd2 {[%clk 00:09:33]} {[%emt 00:00:06]} Kb4
{[%clk 00:00:13]} {[%emt 00:00:07]} 60. Kc2 {[%clk 00:09:43]} {[%emt 00:00:01]}
Kc4 {[%clk 00:00:22]} 61. Kd2 {[%clk 00:09:52]} Kd4 {[%clk 00:00:31]} 62. Kc2
{[%clk 00:09:59]} {[%emt 00:00:04]} a3 {[%clk 00:00:28]} {[%emt 00:00:14]} 63.
Kd2 {[%clk 00:10:08]} {[%emt 00:00:02]} Kc4 {[%clk 00:00:37]} {[%emt 00:00:01]}
64. Kc2 {[%clk 00:10:13]} {[%emt 00:00:04]} Kd4 {[%clk 00:00:45]} {[%emt
00:00:02]} 65. Kd2 {[%clk 00:10:22]} {[%emt 00:00:01]} Kc4 {[%clk 00:00:27]}
{[%emt 00:00:28]} 66. Kc2 {[%clk 00:10:30]} {[%emt 00:00:02]} Kd4 {[%emt
00:00:02]} 1/2-1/2

[Event "Kadettlandskamp NOR-SWE A 2018"]
[Site "NTG, Bærum, Norway"]
[Date "2018.12.16"]
[Round "11.1"]
[White "Lund, Gunnar"]
[Black "Carlsson, Ludvig"]
[Result "1/2-1/2"]
[BlackTitle "CM"]
[WhiteFideId "1520814"]
[BlackFideId "1727010"]
[WhiteElo "2006"]
[BlackElo "1978"]

1. e4 {[%clk 00:15:18]} {[%emt 00:00:01]} e5 {[%clk 00:15:17]} {[%emt
00:00:03]} 2. Nf3 {[%clk 00:15:23]} {[%emt 00:00:06]} Nc6 {[%clk 00:15:25]}
{[%emt 00:00:01]} 3. Bc4 {[%clk 00:15:30]} {[%emt 00:00:03]} Bc5 {[%clk
00:15:33]} {[%emt 00:00:02]} 4. c3 {[%clk 00:15:36]} {[%emt 00:00:04]} Nf6
{[%clk 00:15:41]} {[%emt 00:00:02]} 5. d3 {[%clk 00:15:45]} {[%emt 00:00:01]}
O-O {[%clk 00:15:33]} {[%emt 00:00:18]} 6. Nbd2 {[%clk 00:15:49]} {[%emt
00:00:06]} a6 {[%clk 00:15:26]} {[%emt 00:00:17]} 7. O-O {[%clk 00:15:44]}
{[%emt 00:00:14]} d6 {[%clk 00:15:32]} {[%emt 00:00:04]} 8. Bb3 {[%clk
00:15:46]} {[%emt 00:00:09]} Ba7 {[%clk 00:15:31]} {[%emt 00:00:12]} 9. Re1
{[%clk 00:15:51]} {[%emt 00:00:04]} Ne7 {[%clk 00:15:38]} {[%emt 00:00:03]} 10.
Nf1 {[%clk 00:15:53]} {[%emt 00:00:09]} Ng6 {[%clk 00:15:45]} {[%emt 00:00:02]}
11. Ng3 {[%clk 00:15:59]} {[%emt 00:00:03]} c6 {[%clk 00:15:09]} {[%emt
00:00:47]} 12. h3 {[%clk 00:15:18]} {[%emt 00:00:51]} h6 {[%clk 00:15:14]}
{[%emt 00:00:05]} 13. d4 {[%clk 00:15:15]} {[%emt 00:00:13]} Qc7 {[%clk
00:15:16]} {[%emt 00:00:08]} 14. Qc2 {[%clk 00:14:29]} {[%emt 00:00:56]} Re8
{[%clk 00:14:18]} {[%emt 00:01:08]} 15. Be3 {[%clk 00:12:40]} {[%emt 00:01:59]}
Be6 {[%clk 00:14:09]} {[%emt 00:00:19]} 16. dxe5 {[%clk 00:10:18]} {[%emt
00:02:32]} dxe5 {[%clk 00:14:06]} {[%emt 00:00:13]} 17. Bxa7 {[%clk 00:10:15]}
{[%emt 00:00:13]} Rxa7 {[%clk 00:14:14]} {[%emt 00:00:02]} 18. Bxe6 {[%clk
00:10:23]} {[%emt 00:00:02]} Rxe6 {[%clk 00:14:22]} {[%emt 00:00:03]} 19. Nf5
{[%clk 00:10:28]} {[%emt 00:00:05]} Ra8 {[%clk 00:13:53]} {[%emt 00:00:38]} 20.
Rad1 {[%clk 00:10:36]} {[%emt 00:00:02]} Ree8 {[%clk 00:13:58]} {[%emt
00:00:06]} 21. Rd6 {[%clk 00:09:50]} {[%emt 00:00:55]} Red8 {[%clk 00:13:56]}
{[%emt 00:00:12]} 22. Nxh6+ {[%clk 00:09:42]} {[%emt 00:00:17]} gxh6 {[%clk
00:13:38]} {[%emt 00:00:29]} 23. Rxf6 {[%clk 00:09:50]} {[%emt 00:00:02]} Kg7
{[%clk 00:13:33]} {[%emt 00:00:15]} 24. Rf5 {[%clk 00:09:37]} {[%emt 00:00:23]}
f6 {[%clk 00:13:41]} {[%emt 00:00:02]} 25. Nh2 {[%clk 00:08:55]} {[%emt
00:00:52]} Rd6 {[%clk 00:13:02]} {[%emt 00:00:49]} 26. Rf3 {[%clk 00:07:03]}
{[%emt 00:02:02]} Rad8 {[%clk 00:12:58]} {[%emt 00:00:14]} 27. Nf1 {[%clk
00:07:11]} {[%emt 00:00:01]} Nf4 {[%clk 00:12:58]} {[%emt 00:00:11]} 28. Kh2
{[%clk 00:06:33]} {[%emt 00:00:47]} Kh7 {[%clk 00:12:33]} {[%emt 00:00:35]} 29.
g3 {[%clk 00:06:28]} {[%emt 00:00:17]} Ne6 {[%clk 00:12:12]} {[%emt 00:00:30]}
30. h4 {[%clk 00:05:32]} {[%emt 00:01:05]} Qg7 {[%clk 00:11:46]} {[%emt
00:00:37]} 31. Qe2 {[%clk 00:03:24]} {[%emt 00:02:18]} Rg8 {[%clk 00:11:06]}
{[%emt 00:00:50]} 32. Ne3 {[%clk 00:02:15]} {[%emt 00:01:19]} Qg6 {[%clk
00:11:15]} {[%emt 00:00:01]} 33. Nf5 {[%clk 00:02:04]} {[%emt 00:00:21]} Rdd8
{[%clk 00:10:21]} {[%emt 00:01:04]} 34. Re3 {[%clk 00:02:01]} {[%emt 00:00:13]}
Rd7 {[%clk 00:09:56]} {[%emt 00:00:35]} 35. Qf3 {[%clk 00:02:04]} {[%emt
00:00:05]} Rgd8 {[%clk 00:10:00]} {[%emt 00:00:07]} 36. R3e2 {[%clk 00:01:25]}
{[%emt 00:00:50]} Nc5 {[%clk 00:09:46]} {[%emt 00:00:23]} 37. b4 {[%clk
00:01:08]} {[%emt 00:00:28]} Na4 {[%clk 00:09:42]} {[%emt 00:00:14]} 38. Re3
{[%clk 00:01:02]} {[%emt 00:00:16]} Nb2 {[%clk 00:09:42]} {[%emt 00:00:10]} 39.
Qe2 {[%clk 00:00:52]} {[%emt 00:00:20]} Rd2 {[%clk 00:09:45]} {[%emt 00:00:06]}
40. Qf1 {[%clk 00:00:29]} {[%emt 00:00:33]} Qg4 {[%clk 00:09:18]} {[%emt
00:00:38]} 41. R1e2 {[%clk 00:00:36]} {[%emt 00:00:02]} Nc4 {[%clk 00:09:03]}
{[%emt 00:00:25]} 42. Rxd2 {[%clk 00:00:15]} {[%emt 00:00:31]} Nxd2 {[%clk
00:08:25]} {[%emt 00:00:48]} 43. Qe2 {[%clk 00:00:18]} {[%emt 00:00:08]} Qxe2
{[%clk 00:08:33]} {[%emt 00:00:02]} 44. Rxe2 {[%clk 00:00:27]} {[%emt
00:00:01]} Rd3 {[%clk 00:08:41]} {[%emt 00:00:01]} 45. Kg2 {[%clk 00:00:21]}
{[%emt 00:00:16]} Nb1 {[%clk 00:08:42]} {[%emt 00:00:10]} 46. c4 {[%clk
00:00:21]} {[%emt 00:00:09]} Nc3 {[%clk 00:08:50]} {[%emt 00:00:02]} 47. Re3
{[%clk 00:00:20]} {[%emt 00:00:11]} Rxe3 {[%clk 00:08:56]} {[%emt 00:00:04]} 48.
Nxe3 {[%clk 00:00:29]} {[%emt 00:00:01]} Nxa2 {[%clk 00:05:48]} {[%emt
00:03:19]} 49. Nc2 {[%clk 00:00:38]} Nc1 {[%clk 00:05:47]} {[%emt 00:00:12]} 50.
Kf3 {[%clk 00:00:33]} {[%emt 00:00:15]} Nb3 {[%clk 00:05:55]} {[%emt 00:00:02]}
51. Ke3 {[%clk 00:00:34]} {[%emt 00:00:09]} c5 {[%clk 00:06:04]} {[%emt
00:00:01]} 52. bxc5 {[%clk 00:00:39]} {[%emt 00:00:05]} Nxc5 {[%clk 00:06:12]}
{[%emt 00:00:01]} 53. f3 {[%clk 00:00:36]} {[%emt 00:00:13]} Kg6 {[%clk
00:06:13]} {[%emt 00:00:09]} 54. Kd2 {[%clk 00:00:39]} {[%emt 00:00:07]} Kf7
{[%clk 00:05:57]} {[%emt 00:00:27]} 55. Kc3 {[%clk 00:00:42]} {[%emt 00:00:06]}
Ne6 {[%clk 00:05:46]} {[%emt 00:00:22]} 56. Kb4 {[%clk 00:00:15]} {[%emt
00:00:37]} b6 {[%clk 00:04:43]} {[%emt 00:01:13]} 57. Kc3 {[%clk 00:00:24]} Ke7
{[%clk 00:04:24]} {[%emt 00:00:29]} 58. Ne3 {[%clk 00:00:30]} {[%emt 00:00:04]}
b5 {[%clk 00:04:34]} {[%emt 00:00:01]} 59. Nf5+ {[%clk 00:00:32]} {[%emt
00:00:08]} Kd7 {[%clk 00:04:35]} {[%emt 00:00:09]} 60. cxb5 {[%clk 00:00:37]}
{[%emt 00:00:04]} axb5 {[%clk 00:04:42]} {[%emt 00:00:03]} 61. Nxh6 {[%clk
00:00:46]} {[%emt 00:00:02]} Nd4 {[%clk 00:04:50]} {[%emt 00:00:02]} 62. f4
{[%clk 00:00:40]} {[%emt 00:00:16]} Ne2+ {[%clk 00:04:03]} {[%emt 00:00:56]} 63.
Kb4 {[%clk 00:00:49]} Nxg3 {[%clk 00:04:11]} {[%emt 00:00:02]} 64. fxe5 {[%clk
00:00:56]} {[%emt 00:00:04]} fxe5 {[%clk 00:04:19]} {[%emt 00:00:01]} 65. Nf7
{[%clk 00:00:49]} {[%emt 00:00:16]} Nxe4 {[%clk 00:04:14]} {[%emt 00:00:16]} 66.
Nxe5+ {[%clk 00:00:58]} {[%emt 00:00:01]} Ke6 {[%clk 00:04:23]} 67. Nf3 {[%clk
00:00:45]} {[%emt 00:00:23]} Kf5 {[%clk 00:04:28]} {[%emt 00:00:05]} 68. Kxb5
{[%clk 00:00:48]} {[%emt 00:00:08]} Kg4 {[%clk 00:04:35]} {[%emt 00:00:02]} 69.
Kc4 {[%clk 00:00:55]} {[%emt 00:00:03]} Nd2+ {[%clk 00:04:43]} {[%emt
00:00:02]} 70. Kd5 {[%clk 00:01:03]} {[%emt 00:00:03]} Nxf3 {[%clk 00:04:49]}
{[%emt 00:00:03]} 71. Ke4 {[%clk 00:01:11]} {[%emt 00:00:02]} Nxh4 {[%clk
00:04:34]} {[%emt 00:00:03]} 1/2-1/2

[Event "Kadettlandskamp NOR-SWE A 2018"]
[Site "NTG, Bærum, Norway"]
[Date "2018.12.16"]
[Round "11.2"]
[White "Nordquelle, Daniel"]
[Black "Törngren, Gustav"]
[Result "0-1"]
[WhiteTitle "FM"]
[WhiteFideId "1519042"]
[BlackFideId "1728970"]
[WhiteElo "2020"]
[BlackElo "1909"]

1. e4 {[%clk 00:15:19]} {[%emt 00:02:38]} c5 {[%clk 00:15:19]} {[%emt
00:00:02]} 2. Ne2 {[%clk 00:15:16]} {[%emt 00:00:13]} g6 {[%clk 00:15:25]}
{[%emt 00:00:04]} 3. g3 {[%clk 00:15:25]} {[%emt 00:00:01]} Bg7 {[%clk
00:15:34]} 4. c3 {[%clk 00:15:34]} d5 {[%clk 00:15:32]} {[%emt 00:00:13]} 5.
Bg2 {[%clk 00:15:24]} {[%emt 00:00:20]} dxe4 {[%clk 00:15:28]} {[%emt
00:00:13]} 6. Bxe4 {[%clk 00:15:28]} {[%emt 00:00:07]} Nf6 {[%clk 00:15:30]}
{[%emt 00:00:09]} 7. Bg2 {[%clk 00:15:37]} O-O {[%clk 00:15:36]} {[%emt
00:00:04]} 8. O-O {[%clk 00:15:38]} {[%emt 00:00:08]} Nc6 {[%clk 00:15:32]}
{[%emt 00:00:15]} 9. d4 {[%clk 00:15:46]} {[%emt 00:00:02]} cxd4 {[%clk
00:15:27]} {[%emt 00:00:15]} 10. cxd4 {[%clk 00:15:55]} {[%emt 00:00:01]} e6
{[%clk 00:14:08]} {[%emt 00:01:29]} 11. Nbc3 {[%clk 00:16:00]} {[%emt
00:00:05]} Nd5 {[%clk 00:13:50]} {[%emt 00:00:28]} 12. Nxd5 {[%clk 00:15:46]}
{[%emt 00:00:24]} exd5 {[%clk 00:13:58]} {[%emt 00:00:02]} 13. Be3 {[%clk
00:15:35]} {[%emt 00:00:20]} Bg4 {[%clk 00:14:01]} {[%emt 00:00:08]} 14. Re1
{[%clk 00:15:40]} {[%emt 00:00:04]} Re8 {[%clk 00:14:00]} {[%emt 00:00:12]} 15.
h3 {[%clk 00:15:22]} {[%emt 00:00:29]} Be6 {[%clk 00:10:12]} {[%emt 00:03:58]}
16. Qb3 {[%clk 00:15:06]} {[%emt 00:00:25]} Qd7 {[%clk 00:10:13]} {[%emt
00:00:09]} 17. Nf4 {[%clk 00:15:10]} {[%emt 00:00:04]} Rad8 {[%clk 00:08:50]}
{[%emt 00:01:35]} 18. Rad1 {[%clk 00:15:17]} {[%emt 00:00:03]} Na5 {[%clk
00:08:54]} {[%emt 00:00:06]} 19. Qb4 {[%clk 00:14:17]} {[%emt 00:01:10]} Nc4
{[%clk 00:07:22]} {[%emt 00:01:42]} 20. b3 {[%clk 00:14:14]} {[%emt 00:00:13]}
Bf8 {[%clk 00:07:27]} {[%emt 00:00:04]} 21. Qc3 {[%clk 00:14:09]} {[%emt
00:00:15]} Nd6 {[%clk 00:06:38]} {[%emt 00:01:00]} 22. g4 {[%clk 00:12:48]}
{[%emt 00:01:31]} Rc8 {[%clk 00:06:43]} {[%emt 00:00:05]} 23. Qd3 {[%clk
00:12:42]} {[%emt 00:00:15]} Nb5 {[%clk 00:06:20]} {[%emt 00:00:32]} 24. Rc1
{[%clk 00:12:35]} {[%emt 00:00:18]} Ba3 {[%clk 00:06:29]} {[%emt 00:00:02]} 25.
Rxc8 Rxc8 {[%clk 00:06:37]} 26. Nxe6 {[%clk 00:11:17]} {[%emt 00:01:26]} fxe6
{[%clk 00:06:41]} {[%emt 00:00:06]} 27. Bf4 {[%clk 00:11:13]} {[%emt 00:00:13]}
Bb4 {[%clk 00:04:50]} {[%emt 00:02:02]} 28. Re2 {[%clk 00:10:56]} {[%emt
00:00:26]} Rc3 {[%clk 00:04:45]} {[%emt 00:00:14]} 29. Qd1 {[%clk 00:10:32]}
{[%emt 00:00:33]} Qf7 {[%clk 00:04:38]} {[%emt 00:00:19]} 30. Be5 {[%clk
00:09:28]} {[%emt 00:01:15]} a5 {[%clk 00:03:02]} {[%emt 00:01:46]} 31. Rc2
{[%clk 00:09:07]} {[%emt 00:00:30]} Qf8 {[%clk 00:01:41]} {[%emt 00:01:32]} 32.
Bf1 {[%clk 00:09:03]} {[%emt 00:00:14]} Qc8 {[%clk 00:01:15]} {[%emt 00:00:35]}
33. Rxc3 {[%clk 00:08:15]} {[%emt 00:00:59]} Nxc3 {[%clk 00:01:23]} {[%emt
00:00:01]} 34. Qc2 {[%clk 00:08:04]} {[%emt 00:00:21]} Qc6 {[%clk 00:01:07]}
{[%emt 00:00:25]} 35. Bd3 {[%clk 00:08:10]} {[%emt 00:00:04]} Kf7 {[%clk
00:00:58]} {[%emt 00:00:21]} 36. h4 {[%clk 00:07:49]} {[%emt 00:00:31]} a4
{[%clk 00:00:17]} {[%emt 00:00:51]} 37. h5 {[%clk 00:07:47]} {[%emt 00:00:12]}
gxh5 {[%clk 00:00:12]} {[%emt 00:00:16]} 38. gxh5 {[%clk 00:07:54]} {[%emt
00:00:02]} axb3 {[%clk 00:00:13]} {[%emt 00:00:09]} 39. axb3 {[%clk 00:08:03]}
{[%emt 00:00:02]} Ne4 {[%clk 00:00:18]} {[%emt 00:00:05]} 40. Qd1 {[%clk
00:06:43]} {[%emt 00:01:29]} Ke8 {[%clk 00:00:11]} {[%emt 00:00:17]} 41. Qg4
{[%clk 00:05:50]} {[%emt 00:01:03]} Qc1+ {[%clk 00:00:18]} {[%emt 00:00:03]} 42.
Kh2 {[%clk 00:05:59]} Qh1+ {[%clk 00:00:23]} {[%emt 00:00:05]} 43. Kxh1 {[%emt
00:00:10]} Nxf2+ {[%clk 00:00:32]} {[%emt 00:00:02]} 44. Kg2 {[%clk 00:05:55]}
{[%emt 00:00:14]} Nxg4 {[%clk 00:00:40]} {[%emt 00:00:02]} 45. Bg7 {[%clk
00:05:30]} {[%emt 00:00:35]} Kf7 {[%clk 00:00:32]} {[%emt 00:00:17]} 46. h6
{[%clk 00:05:39]} {[%emt 00:00:02]} Bf8 {[%clk 00:00:31]} {[%emt 00:00:10]} 47.
Kf3 {[%clk 00:03:29]} {[%emt 00:02:21]} Bxg7 {[%clk 00:00:18]} {[%emt
00:00:23]} 48. hxg7 {[%clk 00:02:50]} {[%emt 00:00:49]} Nf6 {[%emt 00:00:01]}
49. Kf4 Kxg7 {[%clk 00:00:16]} {[%emt 00:00:20]} 50. Ke5 {[%clk 00:03:09]} Kf7
{[%clk 00:00:21]} {[%emt 00:00:05]} 51. Bf1 {[%clk 00:02:50]} {[%emt 00:00:30]}
Ke7 {[%clk 00:00:27]} {[%emt 00:00:03]} 52. Bh3 {[%clk 00:02:57]} {[%emt
00:00:02]} Nd7+ {[%clk 00:00:33]} {[%emt 00:00:05]} 53. Kf4 {[%clk 00:03:03]}
{[%emt 00:00:05]} Kf6 {[%clk 00:00:41]} {[%emt 00:00:01]} 54. Bg4 {[%clk
00:03:03]} {[%emt 00:00:10]} Nb8 {[%clk 00:00:42]} {[%emt 00:00:09]} 55. Be2
{[%clk 00:02:59]} {[%emt 00:00:13]} Nc6 {[%clk 00:00:49]} {[%emt 00:00:05]} 56.
Ke3 {[%clk 00:03:09]} e5 {[%clk 00:00:54]} {[%emt 00:00:05]} 57. dxe5+ {[%clk
00:03:17]} {[%emt 00:00:02]} Kxe5 {[%clk 00:01:02]} {[%emt 00:00:02]} 58. Bh5
{[%clk 00:03:24]} {[%emt 00:00:02]} b6 {[%clk 00:00:47]} {[%emt 00:00:25]} 59.
Be8 {[%clk 00:03:28]} {[%emt 00:00:06]} Nd4 {[%clk 00:00:51]} {[%emt 00:00:06]}
60. b4 {[%clk 00:03:36]} {[%emt 00:00:02]} Nc2+ {[%clk 00:00:56]} {[%emt
00:00:04]} 0-1